Language Quiz

Random Language Quiz

Words Ending in Pon Quiz Stats

 Plays Quiz not verified by Sporcle

Challenge
Share
Tweet
Embed
Score 0/13 Timer 03:00
0 Plays Today
Clue Word % Correct
More formal term for onUpon
85.7%
A gun, knife, rifle, etc.Weapon
85.7%
A voucher entitling a product/service discount to its holderCoupon
85.7%
Japan's largest airline; All _____ Airways or ANANippon
76.2%
Feminine personal care productTampon
71.4%
Japan in French and SpanishJapon
71.4%
Hybrid resulting from the crossing of a leopard with a lionessLeopon
57.1%
Immediately or shortly after thatThereupon
52.4%
Website that offers a variety of discounts on products and servicesGroupon
50%
Immediately after whichWhereupon
47.6%
That 70's Show American actress, Laura...Prepon
42.9%
Globe-shaped flower head, especially a dahlia or chrysanthemumPompon
19%
A large, herring-like fish species native to the Atlantic and Indo-PacificTarpon
19%

You're not logged in!

Compare scores with friends on all Sporcle quizzes.
OR
Log In

You Might Also Like...

Show Comments

Extras

Created Jan 16, 2016ReportNominate
Tags:ending

Top Quizzes Today


Score Distribution

Your Account Isn't Verified!

In order to create a playlist on Sporcle, you need to verify the email address you used during registration. Go to your Sporcle Settings to finish the process.

Report this User

Report this user for behavior that violates our Community Guidelines.

Details: